Gli Skua D'isola Bianca

Kaydedildi:
Detaylı Bibliyografya
Yazar: Liuigi Ugolini
Materyal Türü: Kitap
Dil:Bilinmeyen Dil
Baskı/Yayın Bilgisi: Sei
Etiketler: Etiketle
Etiket eklenmemiş, İlk siz ekleyin!

MARC

LEADER 00000nam a2200000Ia 4500
001 R-1276
003 CODICE-MESSINA
005 20260212102505.0
008 260211s9999 xx 000 0 und d
040 |c importazione_messina 
100 |a Liuigi Ugolini 
245 0 |a Gli Skua D'isola Bianca 
260 |b Sei 
942 |2 ddc  |c BK 
952 |0 0  |1 0  |2 ddc  |4 0  |6 SCAFFALE_12_000000000000000__ROMANZI  |7 0  |9 32109  |a ME  |b ME  |d 2026-02-11  |l 0  |o SCAFFALE 12 - ROMANZI  |p R-1276  |r 2026-02-11 23:52:58  |w 2026-02-11  |x [REVISIONARE]  |y BK 
999 |c 27776  |d 27776